000 00946nam a22002177a 4500
008 120916t xxu||||| |||| 00| 0 eng d
020 _a9-7819-0762-4209
082 _222 ed.
_a246.082
_bADA
100 _aAdams, David
_96678
245 _aBanking and capital markets /
_c David Adams
250 _a1 ed.
260 _aGuild ford :
_bcollege of Law publishing
_c2011
300 _axxi . ; 300 p. :
_c30 cm.
500 _aIncludes Index
650 _a Banking law -- Great Britain
_91592
650 _a Capital market -- Law and legislation -- Great Britain
_96679
650 _aBanking and capital markets
_96680
942 _2ddc
_cBK
999 _c5183
_d5183